| 000 -LEADER | |
|---|---|
| fixed length control field | 00458nam a22001817a 4500 |
| 005 - DATE AND TIME OF LATEST TRANSACTION | |
| control field | 20220120121425.0 |
| 008 - FIXED-LENGTH DATA ELEMENTS--GENERAL INFORMATION | |
| fixed length control field | 220120b ||||| |||| 00| 0 eng d |
| 020 ## - INTERNATIONAL STANDARD BOOK NUMBER | |
| ISBN | 978-93-88902-74-8 |
| 041 ## - LANGUAGE CODE | |
| Language code of text/sound track or separate title | eng |
| 082 ## - DEWEY DECIMAL CLASSIFICATION NUMBER | |
| Classification number | 611.9 |
| 100 ## - MAIN ENTRY--AUTHOR NAME | |
| Personal name | CHAURASIA'S, B.D |
| 245 ## - TITLE STATEMENT | |
| Title | HUMAN ANATOMY:LOWER LIMB ABDOMEN AND PELVIS [VOL-2] |
| 250 ## - EDITION STATEMENT | |
| Edition statement | 8TH ED. |
| 260 ## - PUBLICATION, DISTRIBUTION, ETC. (IMPRINT) | |
| Place of publication | NEW DELHI |
| Name of publisher | CBS PUBLISHERS |
| Year of publication | 2020 |
| 300 ## - PHYSICAL DESCRIPTION | |
| Number of Pages | 532;p |
| 650 ## - SUBJECT ADDED ENTRY--TOPICAL TERM | |
| Topical Term | BPT |
| 942 ## - ADDED ENTRY ELEMENTS (KOHA) | |
| Koha item type | Books |
| Lost status | Damaged status | Collection code | Home library | Current library | Shelving location | Date acquired | Source of acquisition | Cost, normal purchase price | Full call number | Accession Number | Koha item type |
|---|---|---|---|---|---|---|---|---|---|---|---|
| PHYSIOTHERAPY | JRU Library | JRU Library | Shelf - 24- A | 20/01/2022 | PURCHAES | 795.00 | 611.9 | 25885 | Books | ||
| PHYSIOTHERAPY | JRU Library | JRU Library | Shelf - 24- A | 20/01/2022 | PURCHAES | 795.00 | 611.9 | 25886 | Books | ||
| Reference | JRU Library | JRU Library | Shelf - 24- A | 20/01/2022 | PURCHAES | 795.00 | 611.9 | 25887 | Books | ||
| PHYSIOTHERAPY | JRU Library | JRU Library | Shelf - 24- A | 20/01/2022 | PURCHAES | 795.00 | 611.9 | 25888 | Books | ||
| PHYSIOTHERAPY | JRU Library | JRU Library | Shelf - 24- A | 20/01/2022 | PURCHAES | 795.00 | 611.9 | 25889 | Books |